El mundo de trabajo: temas aplicados
Պահպանված է:
| Հիմնական հեղինակ: | |
|---|---|
| Ձևաչափ: | Տեքստ |
| Հրապարակվել է: |
Heredia :
EUNA
|
| Խորագրեր: | |
| Ցուցիչներ: |
Ավելացրեք ցուցիչ
Չկան պիտակներ, Եղեք առաջինը, ով նշում է այս գրառումը!
|
MARC
| LEADER | 00000 a a2200000 04500 | ||
|---|---|---|---|
| 001 | 34530 | ||
| 003 | |||
| 040 | |||
| 020 | |a 9977-65-140-x | ||
| 022 | |a 9977-65-140-x | ||
| 090 | |a 1003 N946m | ||
| 100 | |a Nowalski, Jorge, ed. | ||
| 245 | |a El mundo de trabajo: temas aplicados | ||
| 260 | |a Heredia : |b EUNA | ||
| 300 | |a 213 p. | ||
| 500 | |a El documento incluye la participación de Albert Berry, Mario Blanco y Thomas Gindling | ||
| 650 | |a TRABAJO | ||
| 650 | |a DESEEMPLEO | ||
| 650 | |a CONSECUENCIAS SOCIALES | ||
| 650 | |a ADMINISTRACION PUBLICA | ||
| 650 | |a INDICADORES MACROECONOMICOS | ||
| 650 | |a POBREZA | ||
| 999 | |c 10315 |d 10315 | ||



